Biblioteca

Contra la corriente : (Registro nro. 32827)

Detalles MARC
000 -LÍDER
Campo fijo de descripción fija 02282aam a2200361 i 4500
001 - NÚMERO DE CONTROL
Campo de control 768714001
003 - IDENTIFICADOR DEL NÚMERO DE CONTROL
Campo de control CO-MdFUSB
005 - FECHA Y HORA DE LA ULTIMA TRANSACCIÓN
control field 20250910114754.0
007 - CAMPO FIJO DE DESCRIPCIÓN FIJA--INFORMACIÓN GENERAL
Campo fijo de descripción fija ta
008 - ELEMENTOS DE LONGITUD FIJA -- INFORMACIÓN GENERAL
Campo fijo de descripción fija -- Información general 250825t19961993-us |||| |||| 00| 0 spa d
020 ## - NÚMERO INTERNACIONAL NORMALIZADO PARA LIBROS
Número Internacional Normalizado del libro 1-56063-947-4
040 ## - FUENTE DE CATALOGACIÓN
Agencia que realiza la transcripción CO-MdFUSB
041 0# - CÓDIGO DE IDIOMA
Código de idioma para texto/pista de sonido o título separado spa
Código de idioma original eng
082 04 - NÚMERO DE CLASIFICACIÓN DECIMAL DEWEY
Número de la edición del Dewey 23
Número de clasificación 248.844
Clave de autor-Numero de item L183c
100 1# - ASIENTO PRINCIPAL--NOMBRE PERSONAL
Nombre personal LaHaye, Tim
Término relacionador autor
240 ## - TITULO UNIFORME
Título uniforme <a href="Against the tide : how to raise sexually pure kids in an "anything-goes" world">Against the tide : how to raise sexually pure kids in an "anything-goes" world</a>
245 10 - TÍTULO
Título del Material Contra la corriente :
Parte restante del título - Subtitulo Cómo criar niños sexualmente puros en un mundo donde cualquier cosa es aceptable
Mención de responsabilidad, etc. / Tim Lahaye , Beverly LaHaye ; traducido por Nellyda Pablosvsky
250 ## - MENCIÓN DE EDICIÓN
Mención de edición primera edición
264 #1 - PRODUCCIÓN, PUBLICACIÓN, DISTRIBUCIÓN, MANUFACTURA, Y COPYRIGHT
Nombre del productor, publicador, distribuidor Unilit,
Lugar de producción, publicación, distribución, manufactura Miami, FL., USA :
Fecha de producción, publicación, distribución, manufactura, o copyright [1996]
264 #4 - PRODUCCIÓN, PUBLICACIÓN, DISTRIBUCIÓN, MANUFACTURA, Y COPYRIGHT
Fecha de producción, publicación, distribución, manufactura, o copyright ©1996
300 ## - DESCRIPCIÓN FÍSICA
Extensión 279 páginas
336 ## - TIPO DE CONTENIDO
Término de tipo de contenido texto
Código de tipo de contenido txt
Fuente rdacontent
337 ## - TIPO DE MEDIO
Fuente rdamedia
Nombre del tipo de medio sin mediación
Código del tipo de medio n
338 ## - TIPO DE SOPORTE
Fuente rdacarrier
Nombre del tipo de soporte volumen
Código Tipo de soporte nc
505 ## - NOTA DE CONTENIDO
Información miscelánea Parte I:
Título Un llamado a la virtud:
Nota de contenido con formato preestablecido La virtud: el sueño de todos los padres. -- Cómo criar niños y niñas virtuosos.
Información miscelánea Parte II:
Título Qué deben saber en materia de sexo los niños y las niñas:
Nota de contenido con formato preestablecido Hasta los que recién empiezan a caminar sienten curiosidad por el sexo. -- Preescolares: de los 4 a los 5 años de edad. -- A mediados de la niñez: de los 6 a los 10 años. -- Antes de la adolescencia: de los 11 a los 13 años.
Información miscelánea Parte III:
Título Cómo enseñar pureza sexual a los adolescentes:
Nota de contenido con formato preestablecido Enseñando sobre el sexo a sus adolescentes. -- Cómo ayudar a sus adolescentes a ser virtuoso. -- Guías para las salidas en pareja. -- Lo que las niñas necesitan saber antes de salir en pareja. -- Lo que los niños necesitan saber antes de salir en pareja. -- Los adolescentes cristianos opinan que sus padres debieran saber estas cosas sobre el sexo.
Información miscelánea Parte IV:
Título Algunas preocupaciones especiales:
Nota de contenido con formato preestablecido Proteja a sus hijos e hijas del maltrato sexual. -- El mito del sexo seguro. -- Qué hacer si su peor pesadilla se vuelve realidad. -- Padres y madres solteros también quieren hijos e hijas virtuosos.
563 ## - NOTA DE ENCUADERNACIÓN
Nota de encuadernación Rústico
650 #7 - ASIENTO SECUNDARIO DE MATERIA - TERMINO TEMÁTICO
Término temático o nombre geográfico como elemento de entrada Educación cristiana
9 (RLIN) 349
653 ## - TÉRMINO DE INDIZACIÓN - NO CONTROLADO
Término no controlado Educación sexual -- Vida cristiana
700 ## - ASIENTO SECUNDARIO - NOMBRE PERSONAL
Nombre personal LaHaye, Beverly,
9 (RLIN) 11858
Responsabilidad autor
700 ## - ASIENTO SECUNDARIO - NOMBRE PERSONAL
Nombre personal Pablosvsky, Nellyda,
9 (RLIN) 11859
Responsabilidad traductor
942 ## - TIPO DE MATERIAL (KOHA)
Tipo de Item KOHA Libros General
945 ## - INFORMACIÓN LOCAL DEL REGISTRO
Catalogador JTF-925
Existencias
Estado de Material Estado de Perdido Estado de Dañado No para Préstamo Colección Tomo Biblioteca de Origen Biblioteca Permanente Fecha de Adquisición Total de Préstamos Signatura Topográfica Código de Barras Última vez visto Ejemplar/Existencia Fecha de Remplazo Tipo de Material
        Colección General   Biblioteca FUSBC Biblioteca FUSBC 20/10/2004   G 248.844 L183c 28944 12/12/2019 1 26/01/2016 Libros General

Biblioteca FUSBC | Teléfono: (57+4) 349 88 10 Ext. 141| WhatsApp (+57) 3005338115 
E-mail: biblioteca@unisbc.edu.co | Calle 76 87-14 Robledo Palenque, Medellín, Colombia

Con tecnología Koha